James Bond Missing Word Click Quiz - Statistics

General Stats
  • This quiz has been taken 2,050 times
    1,978 since last reset
  • The average score is 19 of 20
Answer Stats
Hint Answer % Correct
____finger Gold
99%
Licence to ____ Kill
99%
Die Another ____ Day
98%
____enEye Gold
98%
The Man with the ____en Gun Gold
98%
No Time to ____ Die
97%
____ Your Eyes Only For
97%
Diamonds Are ___ever For
97%
From Russia with ____ Love
97%
The World Is __t Enough No
97%
Tomorrow Never ____s Die
96%
____ and Let Die Live
96%
Casi__ Royale No
96%
The Spy Who ____d Me Love
95%
Dr. ____ No
93%
The Living ____lights Day
92%
Mo___raker On
91%
A View to a ____ Kill
89%
You Only ____ Twice Live
87%
___ Her Majesty's Secret Service On
85%
No matching quizzes found
Score Distribution
Percent of People with Each Score
Percentile by Number Answered
Your Score History
You have not taken this quiz since the last reset